000 00392nam a22001457a 4500
003 OSt
005 20160727222342.0
008 160620b xxu||||| |||| 00| 0 eng d
040 _cTest
100 _9119
_aCreative
_cThe Creation Story: Bible Story
245 _aThe Creation Story
_bBible Story
260 _aCanada
_b Creative
_c2003
300 _aThe Creation Story: Bible Story
942 _2ddc
_cBK
999 _c95
_d95